000 00651nam a2200205Ii 4500
003 JO-AjNU
008 230605s9999||||xx |||||||||||||| ||und||
040 _aJO-AjNU
_bara
_erda
_cJO-AjNU
041 _aara
050 1 4 _aPJ7510.S2438 1987
100 3 _aسلوم، داوود,
_eauthor
_918613
245 0 0 _aالأدب العربي في تراث العالم
250 _aط1
264 3 1 _aبغداد: دار الشؤون الثقافية، 1987
300 _a277ص
336 _atext
_btxt
_2rdacontent
337 _aunmediated
_bn
_2rdamedia
338 _avolume
_bnc
_2rdacarrier
650 4 _aالأدب العربي - تاريخ ونقد
_918614
999 _aA5986
_c9554
_d9554